000
00307nam a22001217a 4500
020
_a
0662111217
082
_2
22
_a
006.31
100
_a
Kurzweil, Raymond.
245
_a
The age of intelligent machines /
260
_a
England,
_b
MIT Press,
_c
c1990.
300
_a
xiii, 565p. ;
_b
ill. ;
_c
28 cm.
942
_2
ddc
_c
IT
999
_c
2024
_d
2024